<?xml version="1.0" encoding="UTF-8"?>
<collection xmlns="http://www.loc.gov/MARC21/slim">
<record>
  <controlfield tag="001">286091</controlfield>
  <controlfield tag="005">20260413130401.0</controlfield>
  <datafield tag="024" ind1="7" ind2=" ">
    <subfield code="a">10.1016/j.tjpad.2026.100556</subfield>
    <subfield code="2">doi</subfield>
  </datafield>
  <datafield tag="024" ind1="7" ind2=" ">
    <subfield code="a">pmid:41935406</subfield>
    <subfield code="2">pmid</subfield>
  </datafield>
  <datafield tag="024" ind1="7" ind2=" ">
    <subfield code="a">2274-5807</subfield>
    <subfield code="2">ISSN</subfield>
  </datafield>
  <datafield tag="024" ind1="7" ind2=" ">
    <subfield code="a">2426-0266</subfield>
    <subfield code="2">ISSN</subfield>
  </datafield>
  <datafield tag="037" ind1=" " ind2=" ">
    <subfield code="a">DZNE-2026-00387</subfield>
  </datafield>
  <datafield tag="041" ind1=" " ind2=" ">
    <subfield code="a">English</subfield>
  </datafield>
  <datafield tag="082" ind1=" " ind2=" ">
    <subfield code="a">610</subfield>
  </datafield>
  <datafield tag="100" ind1="1" ind2=" ">
    <subfield code="a">Sannemann, Lena</subfield>
    <subfield code="b">0</subfield>
  </datafield>
  <datafield tag="245" ind1=" " ind2=" ">
    <subfield code="a">Dementia risk factor assessment in a local Alzheimer's prevention population: a German cross-sectional, observational study.</subfield>
  </datafield>
  <datafield tag="260" ind1=" " ind2=" ">
    <subfield code="a">[Paris]</subfield>
    <subfield code="c">2026</subfield>
    <subfield code="b">Elsevier Masson SAS</subfield>
  </datafield>
  <datafield tag="336" ind1="7" ind2=" ">
    <subfield code="a">article</subfield>
    <subfield code="2">DRIVER</subfield>
  </datafield>
  <datafield tag="336" ind1="7" ind2=" ">
    <subfield code="a">Output Types/Journal article</subfield>
    <subfield code="2">DataCite</subfield>
  </datafield>
  <datafield tag="336" ind1="7" ind2=" ">
    <subfield code="a">Journal Article</subfield>
    <subfield code="b">journal</subfield>
    <subfield code="m">journal</subfield>
    <subfield code="0">PUB:(DE-HGF)16</subfield>
    <subfield code="s">1776077933_32198</subfield>
    <subfield code="2">PUB:(DE-HGF)</subfield>
  </datafield>
  <datafield tag="336" ind1="7" ind2=" ">
    <subfield code="a">ARTICLE</subfield>
    <subfield code="2">BibTeX</subfield>
  </datafield>
  <datafield tag="336" ind1="7" ind2=" ">
    <subfield code="a">JOURNAL_ARTICLE</subfield>
    <subfield code="2">ORCID</subfield>
  </datafield>
  <datafield tag="336" ind1="7" ind2=" ">
    <subfield code="a">Journal Article</subfield>
    <subfield code="0">0</subfield>
    <subfield code="2">EndNote</subfield>
  </datafield>
  <datafield tag="520" ind1=" " ind2=" ">
    <subfield code="a">The risk for dementia is to a significant extent driven by potentially modifiable factors. Prevention strategies are increasingly aiming at individually tailored risk reduction approaches, particularly in light of emerging Brain Health Services for dementia prevention (dBHS).The cross-sectional observational study 'Individual Risk Profiling for Alzheimer's and Dementia Prevention' (INSPIRATION) assessed the individual risk factors of 162 participants of the local Cologne Alzheimer Prevention Registry and provided individual feedback on risk profiles during a single visit. We analysed the frequency and patterns of risk factors and explored their association with cognition and Alzheimer's disease (AD) plasma biomarkers.The most common risk factors in this population were obesity, non-adherence to a Mediterranean diet, low subjective sleep quality, subjective experience of stress, and hearing impairment. A principal component analysis (PCA) revealed six principal components (PC), which we labeled as (1) psychosocial factors, (2) blood pressure, (3) physical condition, (4) hearing impairment, (5) lifestyle, and (6) substance use. We found isolated associations between PCs, cognition, and AD plasma biomarkers.These findings provide initial insights into which risk factors may be most relevant and actionable for highly-educated and prevention-motivated populations likely to seek dBHS. Interventions addressing the domains of psychosocial factors, physical condition, and lifestyle may be particularly relevant to consider for a personally tailored risk reduction approach in comparable populations.The study was funded by research funds of the Medical Faculty and the University Hospital Cologne, University of Cologne and the non-profit association Kölner Verein für seelische Gesundheit e.V.</subfield>
  </datafield>
  <datafield tag="536" ind1=" " ind2=" ">
    <subfield code="a">353 - Clinical and Health Care Research (POF4-353)</subfield>
    <subfield code="0">G:(DE-HGF)POF4-353</subfield>
    <subfield code="c">POF4-353</subfield>
    <subfield code="f">POF IV</subfield>
    <subfield code="x">0</subfield>
  </datafield>
  <datafield tag="588" ind1=" " ind2=" ">
    <subfield code="a">Dataset connected to CrossRef, PubMed, , Journals: pub.dzne.de</subfield>
  </datafield>
  <datafield tag="650" ind1=" " ind2="7">
    <subfield code="a">Alzheimer’s disease</subfield>
    <subfield code="2">Other</subfield>
  </datafield>
  <datafield tag="650" ind1=" " ind2="7">
    <subfield code="a">Dementia</subfield>
    <subfield code="2">Other</subfield>
  </datafield>
  <datafield tag="650" ind1=" " ind2="7">
    <subfield code="a">Modifiable risk factors</subfield>
    <subfield code="2">Other</subfield>
  </datafield>
  <datafield tag="650" ind1=" " ind2="7">
    <subfield code="a">Prevention</subfield>
    <subfield code="2">Other</subfield>
  </datafield>
  <datafield tag="650" ind1=" " ind2="7">
    <subfield code="a">Risk assessment</subfield>
    <subfield code="2">Other</subfield>
  </datafield>
  <datafield tag="650" ind1=" " ind2="7">
    <subfield code="a">Risk communication</subfield>
    <subfield code="2">Other</subfield>
  </datafield>
  <datafield tag="700" ind1="1" ind2=" ">
    <subfield code="a">Gerards, Michelle</subfield>
    <subfield code="0">P:(DE-2719)9003021</subfield>
    <subfield code="b">1</subfield>
    <subfield code="u">dzne</subfield>
  </datafield>
  <datafield tag="700" ind1="1" ind2=" ">
    <subfield code="a">Bohr, Lara</subfield>
    <subfield code="b">2</subfield>
  </datafield>
  <datafield tag="700" ind1="1" ind2=" ">
    <subfield code="a">Brosseron, Frederic</subfield>
    <subfield code="0">P:(DE-2719)2810593</subfield>
    <subfield code="b">3</subfield>
    <subfield code="u">dzne</subfield>
  </datafield>
  <datafield tag="700" ind1="1" ind2=" ">
    <subfield code="a">Escher, Claus</subfield>
    <subfield code="0">P:(DE-2719)9002022</subfield>
    <subfield code="b">4</subfield>
    <subfield code="u">dzne</subfield>
  </datafield>
  <datafield tag="700" ind1="1" ind2=" ">
    <subfield code="a">Kalthegener, Franziska</subfield>
    <subfield code="b">5</subfield>
  </datafield>
  <datafield tag="700" ind1="1" ind2=" ">
    <subfield code="a">Müller, Theresa</subfield>
    <subfield code="b">6</subfield>
  </datafield>
  <datafield tag="700" ind1="1" ind2=" ">
    <subfield code="a">Ramírez, Alfredo</subfield>
    <subfield code="0">P:(DE-2719)2812825</subfield>
    <subfield code="b">7</subfield>
    <subfield code="u">dzne</subfield>
  </datafield>
  <datafield tag="700" ind1="1" ind2=" ">
    <subfield code="a">Zeyen, Philip</subfield>
    <subfield code="b">8</subfield>
  </datafield>
  <datafield tag="700" ind1="1" ind2=" ">
    <subfield code="a">Jessen, Frank</subfield>
    <subfield code="0">P:(DE-2719)2000032</subfield>
    <subfield code="b">9</subfield>
    <subfield code="u">dzne</subfield>
  </datafield>
  <datafield tag="700" ind1="1" ind2=" ">
    <subfield code="a">Rostamzadeh, Ayda</subfield>
    <subfield code="b">10</subfield>
  </datafield>
  <datafield tag="773" ind1=" " ind2=" ">
    <subfield code="a">10.1016/j.tjpad.2026.100556</subfield>
    <subfield code="g">Vol. 13, no. 6, p. 100556 -</subfield>
    <subfield code="0">PERI:(DE-600)2782183-3</subfield>
    <subfield code="n">6</subfield>
    <subfield code="p">100556</subfield>
    <subfield code="t">The journal of prevention of Alzheimer's disease</subfield>
    <subfield code="v">13</subfield>
    <subfield code="y">2026</subfield>
    <subfield code="x">2274-5807</subfield>
  </datafield>
  <datafield tag="856" ind1="4" ind2=" ">
    <subfield code="u">http://pub.dzne.de/record/286091/files/DZNE-2026-00387.pdf</subfield>
    <subfield code="y">Restricted</subfield>
  </datafield>
  <datafield tag="856" ind1="4" ind2=" ">
    <subfield code="u">http://pub.dzne.de/record/286091/files/DZNE-2026-00387.pdf?subformat=pdfa</subfield>
    <subfield code="x">pdfa</subfield>
    <subfield code="y">Restricted</subfield>
  </datafield>
  <datafield tag="910" ind1="1" ind2=" ">
    <subfield code="a">External Institute</subfield>
    <subfield code="0">I:(DE-HGF)0</subfield>
    <subfield code="k">Extern</subfield>
    <subfield code="b">1</subfield>
    <subfield code="6">P:(DE-2719)9003021</subfield>
  </datafield>
  <datafield tag="910" ind1="1" ind2=" ">
    <subfield code="a">Deutsches Zentrum für Neurodegenerative Erkrankungen</subfield>
    <subfield code="0">I:(DE-588)1065079516</subfield>
    <subfield code="k">DZNE</subfield>
    <subfield code="b">3</subfield>
    <subfield code="6">P:(DE-2719)2810593</subfield>
  </datafield>
  <datafield tag="910" ind1="1" ind2=" ">
    <subfield code="a">Deutsches Zentrum für Neurodegenerative Erkrankungen</subfield>
    <subfield code="0">I:(DE-588)1065079516</subfield>
    <subfield code="k">DZNE</subfield>
    <subfield code="b">4</subfield>
    <subfield code="6">P:(DE-2719)9002022</subfield>
  </datafield>
  <datafield tag="910" ind1="1" ind2=" ">
    <subfield code="a">Deutsches Zentrum für Neurodegenerative Erkrankungen</subfield>
    <subfield code="0">I:(DE-588)1065079516</subfield>
    <subfield code="k">DZNE</subfield>
    <subfield code="b">7</subfield>
    <subfield code="6">P:(DE-2719)2812825</subfield>
  </datafield>
  <datafield tag="910" ind1="1" ind2=" ">
    <subfield code="a">Deutsches Zentrum für Neurodegenerative Erkrankungen</subfield>
    <subfield code="0">I:(DE-588)1065079516</subfield>
    <subfield code="k">DZNE</subfield>
    <subfield code="b">9</subfield>
    <subfield code="6">P:(DE-2719)2000032</subfield>
  </datafield>
  <datafield tag="913" ind1="1" ind2=" ">
    <subfield code="a">DE-HGF</subfield>
    <subfield code="b">Gesundheit</subfield>
    <subfield code="l">Neurodegenerative Diseases</subfield>
    <subfield code="1">G:(DE-HGF)POF4-350</subfield>
    <subfield code="0">G:(DE-HGF)POF4-353</subfield>
    <subfield code="3">G:(DE-HGF)POF4</subfield>
    <subfield code="2">G:(DE-HGF)POF4-300</subfield>
    <subfield code="4">G:(DE-HGF)POF</subfield>
    <subfield code="v">Clinical and Health Care Research</subfield>
    <subfield code="x">0</subfield>
  </datafield>
  <datafield tag="915" ind1=" " ind2=" ">
    <subfield code="a">DEAL Springer</subfield>
    <subfield code="0">StatID:(DE-HGF)3002</subfield>
    <subfield code="2">StatID</subfield>
    <subfield code="d">2025-11-11</subfield>
    <subfield code="w">ger</subfield>
  </datafield>
  <datafield tag="915" ind1=" " ind2=" ">
    <subfield code="a">DEAL Springer</subfield>
    <subfield code="0">StatID:(DE-HGF)3002</subfield>
    <subfield code="2">StatID</subfield>
    <subfield code="d">2025-11-11</subfield>
    <subfield code="w">ger</subfield>
  </datafield>
  <datafield tag="915" ind1=" " ind2=" ">
    <subfield code="a">JCR</subfield>
    <subfield code="0">StatID:(DE-HGF)0100</subfield>
    <subfield code="2">StatID</subfield>
    <subfield code="b">JPAD-J PREV ALZHEIM : 2022</subfield>
    <subfield code="d">2025-11-11</subfield>
  </datafield>
  <datafield tag="915" ind1=" " ind2=" ">
    <subfield code="a">DBCoverage</subfield>
    <subfield code="0">StatID:(DE-HGF)0200</subfield>
    <subfield code="2">StatID</subfield>
    <subfield code="b">SCOPUS</subfield>
    <subfield code="d">2025-11-11</subfield>
  </datafield>
  <datafield tag="915" ind1=" " ind2=" ">
    <subfield code="a">DBCoverage</subfield>
    <subfield code="0">StatID:(DE-HGF)0300</subfield>
    <subfield code="2">StatID</subfield>
    <subfield code="b">Medline</subfield>
    <subfield code="d">2025-11-11</subfield>
  </datafield>
  <datafield tag="915" ind1=" " ind2=" ">
    <subfield code="a">DBCoverage</subfield>
    <subfield code="0">StatID:(DE-HGF)0320</subfield>
    <subfield code="2">StatID</subfield>
    <subfield code="b">PubMed Central</subfield>
    <subfield code="d">2025-11-11</subfield>
  </datafield>
  <datafield tag="915" ind1=" " ind2=" ">
    <subfield code="a">DBCoverage</subfield>
    <subfield code="0">StatID:(DE-HGF)0199</subfield>
    <subfield code="2">StatID</subfield>
    <subfield code="b">Clarivate Analytics Master Journal List</subfield>
    <subfield code="d">2025-11-11</subfield>
  </datafield>
  <datafield tag="915" ind1=" " ind2=" ">
    <subfield code="a">DBCoverage</subfield>
    <subfield code="0">StatID:(DE-HGF)1110</subfield>
    <subfield code="2">StatID</subfield>
    <subfield code="b">Current Contents - Clinical Medicine</subfield>
    <subfield code="d">2025-11-11</subfield>
  </datafield>
  <datafield tag="915" ind1=" " ind2=" ">
    <subfield code="a">DBCoverage</subfield>
    <subfield code="0">StatID:(DE-HGF)0160</subfield>
    <subfield code="2">StatID</subfield>
    <subfield code="b">Essential Science Indicators</subfield>
    <subfield code="d">2025-11-11</subfield>
  </datafield>
  <datafield tag="915" ind1=" " ind2=" ">
    <subfield code="a">WoS</subfield>
    <subfield code="0">StatID:(DE-HGF)0113</subfield>
    <subfield code="2">StatID</subfield>
    <subfield code="b">Science Citation Index Expanded</subfield>
    <subfield code="d">2025-11-11</subfield>
  </datafield>
  <datafield tag="915" ind1=" " ind2=" ">
    <subfield code="a">DBCoverage</subfield>
    <subfield code="0">StatID:(DE-HGF)0150</subfield>
    <subfield code="2">StatID</subfield>
    <subfield code="b">Web of Science Core Collection</subfield>
    <subfield code="d">2025-11-11</subfield>
  </datafield>
  <datafield tag="915" ind1=" " ind2=" ">
    <subfield code="a">DBCoverage</subfield>
    <subfield code="0">StatID:(DE-HGF)0501</subfield>
    <subfield code="2">StatID</subfield>
    <subfield code="b">DOAJ Seal</subfield>
    <subfield code="d">2025-05-28T09:11:42Z</subfield>
  </datafield>
  <datafield tag="915" ind1=" " ind2=" ">
    <subfield code="a">DBCoverage</subfield>
    <subfield code="0">StatID:(DE-HGF)0500</subfield>
    <subfield code="2">StatID</subfield>
    <subfield code="b">DOAJ</subfield>
    <subfield code="d">2025-05-28T09:11:42Z</subfield>
  </datafield>
  <datafield tag="915" ind1=" " ind2=" ">
    <subfield code="a">Peer Review</subfield>
    <subfield code="0">StatID:(DE-HGF)0030</subfield>
    <subfield code="2">StatID</subfield>
    <subfield code="b">DOAJ : Anonymous peer review</subfield>
    <subfield code="d">2025-05-28T09:11:42Z</subfield>
  </datafield>
  <datafield tag="915" ind1=" " ind2=" ">
    <subfield code="a">IF >= 5</subfield>
    <subfield code="0">StatID:(DE-HGF)9905</subfield>
    <subfield code="2">StatID</subfield>
    <subfield code="b">JPAD-J PREV ALZHEIM : 2022</subfield>
    <subfield code="d">2025-11-11</subfield>
  </datafield>
  <datafield tag="915" ind1=" " ind2=" ">
    <subfield code="a">Article Processing Charges</subfield>
    <subfield code="0">StatID:(DE-HGF)0561</subfield>
    <subfield code="2">StatID</subfield>
    <subfield code="d">2025-11-11</subfield>
  </datafield>
  <datafield tag="915" ind1=" " ind2=" ">
    <subfield code="a">Fees</subfield>
    <subfield code="0">StatID:(DE-HGF)0700</subfield>
    <subfield code="2">StatID</subfield>
    <subfield code="d">2025-11-11</subfield>
  </datafield>
  <datafield tag="920" ind1="1" ind2=" ">
    <subfield code="0">I:(DE-2719)1011303</subfield>
    <subfield code="k">AG Heneka</subfield>
    <subfield code="l">Neuroinflammation, Biomarker</subfield>
    <subfield code="x">0</subfield>
  </datafield>
  <datafield tag="920" ind1="1" ind2=" ">
    <subfield code="0">I:(DE-2719)1011102</subfield>
    <subfield code="k">AG Jessen</subfield>
    <subfield code="l">Clinical Alzheimer’s Disease Research</subfield>
    <subfield code="x">1</subfield>
  </datafield>
  <datafield tag="920" ind1="1" ind2=" ">
    <subfield code="0">I:(DE-2719)1011001</subfield>
    <subfield code="k">Clinical Research (Bonn)</subfield>
    <subfield code="l">Clinical Research Coordination</subfield>
    <subfield code="x">2</subfield>
  </datafield>
  <datafield tag="920" ind1="1" ind2=" ">
    <subfield code="0">I:(DE-2719)1011101</subfield>
    <subfield code="k">Patient Studies (Bonn)</subfield>
    <subfield code="l">Patient Studies (Bonn)</subfield>
    <subfield code="x">3</subfield>
  </datafield>
  <datafield tag="980" ind1=" " ind2=" ">
    <subfield code="a">journal</subfield>
  </datafield>
  <datafield tag="980" ind1=" " ind2=" ">
    <subfield code="a">EDITORS</subfield>
  </datafield>
  <datafield tag="980" ind1=" " ind2=" ">
    <subfield code="a">VDBINPRINT</subfield>
  </datafield>
  <datafield tag="980" ind1=" " ind2=" ">
    <subfield code="a">I:(DE-2719)1011303</subfield>
  </datafield>
  <datafield tag="980" ind1=" " ind2=" ">
    <subfield code="a">I:(DE-2719)1011102</subfield>
  </datafield>
  <datafield tag="980" ind1=" " ind2=" ">
    <subfield code="a">I:(DE-2719)1011001</subfield>
  </datafield>
  <datafield tag="980" ind1=" " ind2=" ">
    <subfield code="a">I:(DE-2719)1011101</subfield>
  </datafield>
  <datafield tag="980" ind1=" " ind2=" ">
    <subfield code="a">UNRESTRICTED</subfield>
  </datafield>
</record>
</collection>